000 00420nam a2200157 a 4500
003 DLC
005 20210219152738.0
022 _a0710-4340
035 _aUPN01000059696
245 0 0 _aCANADIAN JOURNAL OF EDUCATIONAL COMMUNICATION
260 _aEUA :
_bAssociation for Media and Technology in Education in Canada,
_c1972
310 _aTrimestral
653 _aCOMUNICACION
905 _aRevista
999 _c59618
_d59618